Early Russian painting, recent discoveries.

محفوظ في:

التنسيق: كتاب

اللغة: Russian
English

منشور في: Leningrad : Aurora Publishers, 1969.

الموضوعات:

الوسوم: إضافة وسم

لا توجد وسوم, كن أول من يضع وسما على هذه التسجيلة!

رقم الطلب: N6983 .E3 1969

LEADER 00705namaa2200253 4500
001 25231
003 OSt
005 20250824112315.0
008 130303s1969 ru af 000 0 rus d
010 |a 72472572 
040 |c ARCE Library 
041 0 |a rus  |a eng 
043 |a e-ur--- 
050 4 |a N6983 .E3 1969 
245 0 0 |a Early Russian painting, recent discoveries. 
264 1 |a Leningrad :   |b Aurora Publishers,   |c 1969. 
300 |a [8] pages, 50 leaves of color plates :   |b illustrations ;   |c 29 cm. 
546 |a Russian and English. 
650 0 |a Icons, Russian. 
650 0 |a Icon painting  |z Russia  |x History. 
650 0 |a Painting, Russian. 
901 |a reviewed 
942 |c BK  |2 lcc 
999 |c 21183  |d 21183